000 00824nam a2200253Ia 4500
003 OSt
005 20220923214946.0
006 a|||||r|||| 00| 0
007 ta
008 220922b |||||||| |||| 00| 0 hin d
024 _a174,177
037 _cTextual
040 _aARTS
_cARTS
_bhin
041 _2hin
_ahin
082 _aO152,6M83:g, K2
100 _aशुक्ल, चंद्रशेखर
245 0 _aरामचंद्र शुक्ल
_b जीवन और कृर्तृत्व
246 _aRāmachandra shukla: jīvan aur kṛurtṛutva
260 _c1962
300 _a357पृ.
_ccm.
650 _aहिन्दी साहित्य
_9156264
942 _hO152,6M83:g, K2
_cTEXL
_2CC
999 _c327993
_d327993